| 000 | 01102cam a2200289 i 4500 | ||
|---|---|---|---|
| 003 | SA-RiAUC | ||
| 005 | 20250210073849.0 | ||
| 008 | 250208s1999 ua g l 000 0bara c | ||
| 020 | _a9775324777 | ||
| 040 |
_aSA-RiAUC _bara _cSA-RiAUC _erda |
||
| 043 | _af-ua--- | ||
| 082 | 0 | 4 | _a923.4 |
| 090 |
_a923.4 _bع م ا |
||
| 100 | 1 |
_aعمارة، محمد، _d1931-2020 _eمؤلف. |
|
| 245 | 1 | 0 |
_aعبد الرزاق السنهوري : _bإسلامية الدولة.. والمدنية.. والقانون / _cمحمد عمارة. |
| 250 | _aالطبعة الأولى. | ||
| 264 | 1 |
_aالقاهرة : _bدار الرشاد، _c1999 |
|
| 300 |
_a358 صفحة ؛ _c24 سم |
||
| 336 |
_aنص _btxt _2rdacontent _3كتاب |
||
| 337 |
_aبدون وسيط _bn _2rdamedia |
||
| 338 |
_aمجلد _bnc _2rdacarrier |
||
| 600 | 1 | 7 |
_aالسنهوري، عبد الرزاق بن أحمد السنهوري، _cباشا، _d1895-1971 _2aucnm |
| 650 | 7 |
_aالفقه الإسلامي _xمذاهب _2aucsh |
|
| 650 | 7 |
_aالقانون _zمصر _2aucsh |
|
| 942 |
_2ddc _cBOOK _n0 |
||
| 949 |
_aSA-JeALM _d250208 _uosman123 _n1 |
||
| 999 |
_c5779 _d5779 |
||